000 01355nam a22002417a 4500
005 20260415125456.0
008 260415s2019 |||||||| |||| 00| 0 spa d
020 _a9789587499513
040 _aCO-BoUCM
_bspa
_cSandra Palacio
_dSandra Palacio
041 _aspa
100 1 _aPinzón Navarrete, John Harvey
_9188612
245 1 0 _aLa ilicitud sustancial en el derecho disciplinario :
_bconcepto, evolución y criterios teórico-prácticos para su correcto entendimiento /
_cJohn Harvey Pinzón Navarrete
260 _aBogotá, D.C.
_bGrupo Editorial Ibáñez
_c2026
500 _aSegunda reimpresión 2026
520 _aEstudio exhaustivo sobre la categoría de la ilicitud sustancial como eje central de la responsabilidad disciplinaria. Explora la transición normativa en Colombia, el papel del "bien jurídico" en el derecho administrativo sancionador y propone criterios para la graduación de la falta según la intensidad de la afectación del deber funcional.
650 4 _aDerecho disciplinario
_zColombia
_9105425
650 4 _aProcedimiento administrativo
_zColombia
_935079
650 4 _aFunción pública
_zColombia
_941201
650 4 _aÉtica administrativa
_zColombia
_9188613
700 _aGómez Pavajeau, Carlos Arturo
_eprólogo
_929983
942 _2DEWEY
_a8
_cLIBRO
_e1
_h342.861066
_mP661
999 _c326249
_d326249